Normal view MARC view
  • Cegielski, Casey G.

Entry Personal Name

Number of records used in: 1

001 - CONTROL NUMBER

  • control field: 34390

003 - CONTROL NUMBER IDENTIFIER

  • control field: OSt

005 - DATE AND TIME OF LATEST TRANSACTION

  • control field: 20131106101244.0

008 - FIXED-LENGTH DATA ELEMENTS

  • fixed length control field: 131106|| aca||aabn | a|a d

040 ## - CATALOGING SOURCE

  • Original cataloging agency: OSt
  • Transcribing agency: OSt

100 ## - HEADING--PERSONAL NAME

  • Personal name: Cegielski, Casey G.

670 ## - SOURCE DATA FOUND

  • Source citation: Work cat.: (OSt)0: Rainer, R. Kelly (Rex Kelly) 19155, Introduction to information systems /, c2013.